000 00371nam a22001457a 4500
003 macl
005 20180807161643.0
008 180807b xxu||||| |||| 00| 0 eng d
040 _cnacl
100 _aKarnik, Vaishali Sunil
_972841
245 _aConcept of Moksa Vedanta
260 _aDelhi
_bBharatiya Kala Praka
_c2012
650 _aPhilosophy
_972842
942 _2ddc
_cBK
999 _c58285
_d58285